000 00572nam a2200193Ia 4500
001 64951
003 OSt
005 20150701103701.0
008 150303s9999 xx 000 0 und d
020 _aNA
040 _cPK-LaUMT
082 _a 891.4393
_bREH-P
100 _aRehman Muzunb(رحمان مزنب)
245 _aPutli jan (Urdu)(پتلی جان)
_cRehman Muzunb(رحمان مزنب)
260 _aLahore,Pakistan:(لاہور، پاکستان )
_bMah-e-Adab Publishers,(ماہ ادب پبلشرز)
_c1991
300 _a292 p.
546 _aUR
942 _cBK
_2ddc
999 _c66995
_d66995